| 000 -LEADER |
| fixed length control field |
00722pab a2200169 454500 |
| 008 - FIXED-LENGTH DATA ELEMENTS--GENERAL INFORMATION |
| fixed length control field |
180718b2014 xxu||||| |||| 00| 0 eng d |
| 100 ## - MAIN ENTRY--PERSONAL NAME |
| Personal name |
Desai, D.K. |
| 245 ## - TITLE STATEMENT |
| Title |
Comments on understanding of livestock |
| 260 ## - PUBLICATION, DISTRIBUTION, ETC. |
| Date of publication, distribution, etc. |
2014 |
| 300 ## - PHYSICAL DESCRIPTION |
| Extent |
p.68-69. |
| 362 ## - DATES OF PUBLICATION AND/OR SEQUENTIAL DESIGNATION |
| Dates of publication and/or sequential designation |
22 Mar |
| 520 ## - SUMMARY, ETC. |
| Summary, etc. |
Any analysis of India's livestock sector must take into account the region-specific growth of the sector, micro-level economic viability of production, and the role of women's unpaid labour, among other factors. All these are crucial to understand whether India's livestock sector will grow sustainably in the future. - Reproduced. |
| 650 ## - SUBJECT ADDED ENTRY--TOPICAL TERM |
| Topical term or geographic name entry element |
Livestock |
| 773 ## - HOST ITEM ENTRY |
| Main entry heading |
Economic and Political Weekly |
| 908 ## - PUT COMMAND PARAMETER (RLIN) |
| Put command parameter |
N |
| 909 ## - |
| -- |
103483 |